| 000 -LEADER |
| fixed length control field |
02324nam a2200613 a 4500 |
| 001 - CONTROL NUMBER |
| control field |
ASIN9239173110 |
| 005 - DATE AND TIME OF LATEST TRANSACTION |
| control field |
20170105102933.0 |
| 008 - FIXED-LENGTH DATA ELEMENTS--GENERAL INFORMATION |
| fixed length control field |
150403s1992 xxu eng d |
| 020 ## - INTERNATIONAL STANDARD BOOK NUMBER |
| International Standard Book Number |
9239173110 (hardcover) |
| 020 ## - INTERNATIONAL STANDARD BOOK NUMBER |
| International Standard Book Number |
9789239173112 (hardcover) |
| 040 ## - CATALOGING SOURCE |
| Original cataloging agency |
0 |
| 082 ## - DEWEY DECIMAL CLASSIFICATION NUMBER |
| Classification number |
031 INT 1992 |
| Author Mark |
D0000190 |
| 100 1# - MAIN ENTRY--PERSONAL NAME |
| Personal name |
Collier, P.F. |
| 245 10 - TITLE STATEMENT |
| Title |
P.F. collier's 1992 international year book : |
| Remainder of title |
covering the year 1991 / |
| Statement of responsibility, etc. |
P.F. Collier, Lauren S. Bahr, Robert Famighetti, Richard Hantula, Mary Ann Albanese, Christine Martin Grove, Joseph Gustaitis, William A. McGeveran Jr., Louise Bloomfield, Ingrid J. Strauch, Carol R. Nelson, Andrew N. Lee, Karen Han, Jim Anderson, John Berseth, Michael H. Broder, Miriam Davidson, Frederick N. DeMarzo, John P. Elliott, Nancy E. Frank, Jill Hoffman, Gerald Vogt, Marvin Friedman, Emil Chendea, Brian Boerner, Michele Carney, Carol Sharon, Elnora Bode, Joyce Deyo, Margaret McRae, Jerry Miller, Joan Scafarello, The Editors. |
| 250 ## - EDITION STATEMENT |
| Edition statement |
1992th ed. |
| 260 ## - PUBLICATION, DISTRIBUTION, ETC. |
| Place of publication, distribution, etc. |
[S.l.] : |
| Name of publisher, distributor, etc. |
P.F. Collier, |
| Date of publication, distribution, etc. |
1992. |
| 300 ## - PHYSICAL DESCRIPTION |
| Extent |
622 p. : |
| Other physical details |
col. ill. ; |
| Dimensions |
28 cm. |
| 490 1# - SERIES STATEMENT |
| Series statement |
Yearbook 1992. |
| 700 1# - ADDED ENTRY--PERSONAL NAME |
| Personal name |
Bahr, Lauren S. |
| 700 1# - ADDED ENTRY--PERSONAL NAME |
| Personal name |
Famighetti, Robert. |
| 700 1# - ADDED ENTRY--PERSONAL NAME |
| Personal name |
Hantula, Richard. |
| 700 1# - ADDED ENTRY--PERSONAL NAME |
| Personal name |
Albanese, Mary Ann. |
| 700 1# - ADDED ENTRY--PERSONAL NAME |
| Personal name |
Grove, Christine Martin. |
| 700 1# - ADDED ENTRY--PERSONAL NAME |
| Personal name |
Gustaitis, Joseph. |
| 700 1# - ADDED ENTRY--PERSONAL NAME |
| Personal name |
Jr., William A. McGeveran. |
| 700 1# - ADDED ENTRY--PERSONAL NAME |
| Personal name |
Bloomfield, Louise. |
| 700 1# - ADDED ENTRY--PERSONAL NAME |
| Personal name |
Strauch, Ingrid J. |
| 700 1# - ADDED ENTRY--PERSONAL NAME |
| Personal name |
Nelson, Carol R. |
| 700 1# - ADDED ENTRY--PERSONAL NAME |
| Personal name |
Lee, Andrew N. |
| 700 1# - ADDED ENTRY--PERSONAL NAME |
| Personal name |
Han, Karen. |
| 700 1# - ADDED ENTRY--PERSONAL NAME |
| Personal name |
Anderson, Jim. |
| 700 1# - ADDED ENTRY--PERSONAL NAME |
| Personal name |
Berseth, John. |
| 700 1# - ADDED ENTRY--PERSONAL NAME |
| Personal name |
Broder, Michael H. |
| 700 1# - ADDED ENTRY--PERSONAL NAME |
| Personal name |
Davidson, Miriam. |
| 700 1# - ADDED ENTRY--PERSONAL NAME |
| Personal name |
DeMarzo, Frederick N. |
| 700 1# - ADDED ENTRY--PERSONAL NAME |
| Personal name |
Elliott, John P. |
| 700 1# - ADDED ENTRY--PERSONAL NAME |
| Personal name |
Frank, Nancy E. |
| 700 1# - ADDED ENTRY--PERSONAL NAME |
| Personal name |
Hoffman, Jill. |
| 700 1# - ADDED ENTRY--PERSONAL NAME |
| Personal name |
Vogt, Gerald. |
| 700 1# - ADDED ENTRY--PERSONAL NAME |
| Personal name |
Friedman, Marvin. |
| 700 1# - ADDED ENTRY--PERSONAL NAME |
| Personal name |
Chendea, Emil. |
| 700 1# - ADDED ENTRY--PERSONAL NAME |
| Personal name |
Boerner, Brian. |
| 700 1# - ADDED ENTRY--PERSONAL NAME |
| Personal name |
Carney, Michele. |
| 700 1# - ADDED ENTRY--PERSONAL NAME |
| Personal name |
Sharon, Carol. |
| 700 1# - ADDED ENTRY--PERSONAL NAME |
| Personal name |
Bode, Elnora. |
| 700 1# - ADDED ENTRY--PERSONAL NAME |
| Personal name |
Deyo, Joyce. |
| 700 1# - ADDED ENTRY--PERSONAL NAME |
| Personal name |
McRae, Margaret. |
| 700 1# - ADDED ENTRY--PERSONAL NAME |
| Personal name |
Miller, Jerry. |
| 700 1# - ADDED ENTRY--PERSONAL NAME |
| Personal name |
Scafarello, Joan. |
| 700 1# - ADDED ENTRY--PERSONAL NAME |
| Personal name |
Editors, The. |
| 830 #0 - SERIES ADDED ENTRY--UNIFORM TITLE |
| Uniform title |
Yearbook 1992. |
| 856 40 - ELECTRONIC LOCATION AND ACCESS |
| Materials specified |
Amazon.com |
| Uniform Resource Identifier |
<a href="http://www.amazon.com/exec/obidos/ASIN/9239173110/chopaconline-20">http://www.amazon.com/exec/obidos/ASIN/9239173110/chopaconline-20</a> |
| 942 ## - ADDED ENTRY ELEMENTS (KOHA) |
| Source of classification or shelving scheme |
|
| Koha item type |
Reference |